| 000 | 00743nam a22002057a 4500 | ||
|---|---|---|---|
| 999 |
_c13795 _d13795 |
||
| 003 | AR-CdUCM | ||
| 008 | 190416b ||||| |||| 00| 0 spa d | ||
| 040 |
_aMUNICIPALIDAD PROVINCIAL DEL CUSCO _cBIBLIOTECA MUNICIPAL DEL CUSCO |
||
| 082 |
_aC / 629.2 / _bI66 / 1966 |
||
| 100 |
_aIpenza, Augusto _932358 |
||
| 245 | _aElectricidad básica del automóvil / | ||
| 260 |
_aCuzco : _c1966. |
||
| 300 |
_a54 páginas ; _c22 cm. |
||
| 505 | _aContenido : Prologo -- Introducción -- La bateria -- El circulo de ignicion o encendido -- Orden de encendido -- Orden de encendido y calibraciones ... | ||
| 650 |
_aAutomóvil _932359 |
||
| 650 |
_aMantenimiento _925513 |
||
| 650 |
_aCuzco _97693 |
||
| 942 |
_2ddc _cLIBROS |
||
| 945 |
_arah _d16/04/2019 |
||